[Event "Mehlingen PSB Ch MTA"]
[Site "?"]
[Date "1999.04.02"]
[Round "7"]
[White "Feibert Fred"]
[Black "Moeldner Juergen"]
[Result "1/2-1/2"]
[WhiteElo "2320"]
[BlackElo "2268"]
[PlyCount "109"]
[EventDate "1999.??.??"]
[Source "www.chesslib.no"]
[SourceDate "2004.05.04"]

1. d4 f5 2. c4 Nf6 3. Nc3 e6 4. g3 d5 5. Bg2 c6 6. Nf3 Be7 7. O-O O-O 8. b3 Bd7 9. Qc2 Be8 10. Rd1 Ne4 11. Bb2 Nd7 12. Nd2 Bg6 13. f4 Nxd2 14. Qxd2 Nf6 15. a4 a5 16. Ba3 Bxa3 17. Rxa3 Bh5 18. Rb1 Qe7 19. Ra2 Qb4 20. Nd1 Ne4 21. Bxe4 dxe4 22. Qxb4 axb4 23. Ne3 Rfd8 24. Rd1 Rd7 25. Kf2 Rad8 26. Rad2 b6 27. Ke1 Kf8 28. c5 Rb7 29. cxb6 Rxb6 30. Rc1 Be8 31. Rc5 Ke7 32. Nc4 Ra6 33. e3 Rd5 34. a5 Rxc5 35. dxc5 e5 36. fxe5 Bf7 37. Nd6 Be6 38. Ra2 g6 39. Ra4 Bd5 40. Nb7 Bxb3 41. Rxb4 Bd5 42. Kd2 Ke6 43. Kc3 Kxe5 44. Rb6 Ra7 45. Kb4 g5 46. Nd6 f4 47. gxf4+ gxf4 48. exf4+ Kxf4 49. Rb8 e3 50. Re8 Kf3 51. Nf5 Be4 52. Nd4+ Kf4 53. Ne2+ Kf3 54. Nd4+ Kf4 55. Ne2+ 1/2-1/2

[Event "RUS-ch U12"]
[Site "?"]
[Date "1999.??.??"]
[Round "3"]
[White "Tomilin Artjom"]
[Black "Kavalenia Leonid"]
[Result "1-0"]
[WhiteElo "2405"]
[BlackElo "2166"]
[PlyCount "81"]
[EventDate "1999.??.??"]
[Source "www.chesslib.no"]
[SourceDate "2004.05.04"]

1. d4 d5 2. c4 e6 3. Nf3 c6 4. g3 Be7 5. Bg2 f5 6. O-O Nf6 7. Nc3 O-O 8. Bf4 Nbd7 9. Ng5 Nb8 10. Nf3 Ne4 11. Ne5 Nd7 12. cxd5 Nxe5 13. Nxe4 fxe4 14. d6 Ng4 15. dxe7 Qxe7 16. e3 e5 17. dxe5 g5 18. e6 Qxe6 19. Bxg5 Qg6 20. Bf4 Be6 21. Qc2 Bd5 22. Rad1 Rae8 23. b3 Rf7 24. Qc5 a6 25. Qc3 h5 26. h4 Nh6 27. Bxh6 Qxh6 28. Rd2 Qe6 29. Rfd1 Rff8 30. Bf1 b5 31. Qc5 Rb8 32. Bg2 Rf7 33. Rxd5 cxd5 34. Rxd5 Rg7 35. Re5 Qc8 36. Qd5+ Rf7 37. Rg5+ Kf8 38. Qd6+ Re7 39. Qh6+ Ke8 40. Rg8+ Kd7 41. Bh3+ 1-0

[Event "Pernik"]
[Site "Pernik"]
[Date "1976.??.??"]
[Round "1"]
[White "Radev, Nikolai"]
[Black "Pernishki, Luben"]
[Result "1-0"]
[WhiteElo "2370"]
[BlackElo "2200"]
[PlyCount "72"]
[EventDate "1976.??.??"]
[Source "www.chesslib.no"]
[SourceDate "2004.05.04"]

1. d4 e6 2. Nf3 f5 3. g3 Nf6 4. Bg2 Bb4+ 5. c3 Be7 6. O-O O-O 7. c4 c6 8. Nc3 d5 9. Qc2 Nbd7 10. cxd5 exd5 11. Bf4 Ne4 12. Rae1 Qe8 13. Ne5 Nxe5 14. Bxe5 Qh5 15. f3 Ng5 16. e3 Bf6 17. b4 Bd7 18. b5 Rae8 19. bxc6 bxc6 20. Na4 Ne6 21. f4 Bxe5 22. dxe5 Qg6 23. Rb1 Rb8 24. Nc5 Qf7 25. Nxe6 Qxe6 26. Qc5 Rxb1 27. Rxb1 Ra8 28. Rb7 a6 29. a4 Qe8 30. a5 Rb8 31. Rb6 Qf8 32. Bxd5+ Kh8 33. Qxf8+ Rxf8 34. Bxc6 Bxc6 35. Rxc6 Ra8 36. Kf2 Kg8 1-0

[Event "DEN Team Ch"]
[Site "Denmark"]
[Date "1991.??.??"]
[Round "6"]
[White "Jakobsen, Peter"]
[Black "Jorgensen, Brian"]
[Result "1-0"]
[WhiteElo "2330"]
[BlackElo "2240"]
[PlyCount "75"]
[EventDate "1991.??.??"]
[Source "www.chesslib.no"]
[SourceDate "2004.05.04"]

1. d4 e6 2. c4 f5 3. g3 Nf6 4. Bg2 Be7 5. Nf3 O-O 6. O-O c6 7. Nc3 d5 8. b3 Bd7 9. Bb2 Be8 10. Ng5 Qd7 11. f3 h6 12. Nh3 g5 13. e3 Bg6 14. Qe2 Na6 15. Rad1 Bh5 16. Nf2 Bd6 17. g4 Bg6 18. e4 Bb4 19. e5 Ne8 20. cxd5 cxd5 21. Nd3 Be7 22. Rc1 Nec7 23. Nd1 fxg4 24. fxg4 Qb5 25. Rc3 Nb4 26. Rxc7 Bxd3 27. Rxf8+ Rxf8 28. Qe3 Bd8 29. Rc5 Qa6 30. a3 Be4 31. axb4 Bxg2 32. b5 Qa2 33. Kxg2 Bb6 34. Rc2 Rf4 35. h3 Rxd4 36. Qe2 Re4 37. Qf3 Kg7 38. Qf6+ 1-0

[Event "HUN-chT2 9394"]
[Site "HUN"]
[Date "1994.??.??"]
[Round "?"]
[White "Kozma, Karoly"]
[Black "Rithnovszky, Antal"]
[Result "1-0"]
[WhiteElo "2325"]
[BlackElo "2245"]
[PlyCount "95"]
[EventDate "1993.??.??"]
[Source "www.chesslib.no"]
[SourceDate "2004.05.04"]

1. d4 e6 2. c4 d5 3. Nf3 f5 4. Nc3 c6 5. g3 Nf6 6. Bg2 Be7 7. O-O O-O 8. b3 Bd7 9. Bb2 Be8 10. Ne5 Nbd7 11. Nd3 Bd6 12. Qc2 Bg6 13. e3 Qe7 14. Rfe1 Rae8 15. c5 Bb8 16. f4 Bh5 17. b4 Ne4 18. a4 Nxc3 19. Bxc3 Nf6 20. Rab1 Rc8 21. Rb2 Be8 22. Reb1 a6 23. Nf2 Bd7 24. Bf1 Bc7 25. b5 axb5 26. axb5 Rb8 27. b6 Bd8 28. Be1 Qe8 29. Ra2 Be7 30. Ra7 Bc8 31. h3 h6 32. Bg2 Qh5 33. Qd1 Qxd1 34. Rxd1 g5 35. fxg5 hxg5 36. Nd3 Nd7 37. h4 g4 38. Nf4 Kf7 39. Bc3 Bf6 40. Nd3 Re8 41. Kf2 e5 42. dxe5 Nxe5 43. Bxe5 Bxe5 44. Bxd5+ Kf6 45. Bf3 Bc3 46. Nf4 Re5 47. Rd6+ Kg7 48. Rd8 1-0

[Event "FIN Team Ch 9596"]
[Site "Finland"]
[Date "1996.??.??"]
[Round "10"]
[White "Seppanen, Asko"]
[Black "Lehtivaara, Risto"]
[Result "0-1"]
[WhiteElo "2290"]
[BlackElo "2270"]
[PlyCount "82"]
[EventDate "1995.??.??"]
[Source "www.chesslib.no"]
[SourceDate "2004.05.04"]

1. c4 e6 2. Nc3 d5 3. d4 f5 4. Nf3 Nf6 5. g3 c6 6. Bg2 Be7 7. O-O O-O 8. b3 Bd7 9. Qc2 b5 10. c5 Be8 11. Ne5 Nfd7 12. Nd3 Bf6 13. e3 a5 14. f4 g5 15. a4 b4 16. Ne2 Bh5 17. fxg5 Bxg5 18. Nef4 Qe8 19. Nxh5 Qxh5 20. Nf4 Qe8 21. Qd1 Ra7 22. g4 e5 23. Nh3 Bf6 24. Rxf5 exd4 25. exd4 Bg7 26. Rxf8+ Nxf8 27. Ng5 Re7 28. Bf4 Nbd7 29. Rb1 Qg6 30. Rc1 h6 31. Nh3 Ne6 32. Bd6 Bxd4+ 33. Kh1 Rf7 34. Nf4 Nxf4 35. Qxd4 Ne2 36. Qe3 Nxc1 37. Qxc1 Qxg4 38. Qe1 Nf6 39. h3 Qg6 40. Qe6 Kh7 41. Qc8 Rg7 0-1

[Event "FRA Team Ch"]
[Site "France"]
[Date "1989.??.??"]
[Round "?"]
[White "Grizou, Regis"]
[Black "Roos, Louis"]
[Result "0-1"]
[WhiteElo "2235"]
[BlackElo "2325"]
[PlyCount "110"]
[EventDate "1989.??.??"]
[Source "www.chesslib.no"]
[SourceDate "2004.05.04"]

1. d4 e6 2. c4 f5 3. g3 Nf6 4. Bg2 Be7 5. Nc3 d5 6. Nf3 O-O 7. O-O c6 8. Rb1 a5 9. a3 Ne4 10. Qc2 Nd7 11. b4 axb4 12. axb4 b5 13. cxb5 cxb5 14. Bf4 Qb6 15. Ne5 Nxe5 16. dxe5 Bb7 17. Nxe4 fxe4 18. Qd2 d4 19. h4 Rac8 20. Bg5 Bxg5 21. Qxg5 Rf5 22. Qe7 Rc7 23. Qd8+ Rf8 24. Qd6 Qxd6 25. exd6 Rd7 26. Rfd1 Rxd6 27. Rbc1 Bc6 28. Rc5 Rf5 29. Rxc6 Rxc6 30. Bxe4 Rc4 31. Bxf5 exf5 32. Rb1 Kf7 33. Kf1 Ke6 34. Ke1 g6 35. Kd2 h5 36. Rb3 Kd5 37. e3 Ke4 38. exd4 Rxd4+ 39. Ke2 Kd5 40. f3 Kc4 41. Rb1 f4 42. gxf4 Rxf4 43. Rg1 Rxh4 44. Rxg6 Kxb4 45. Kd2 Kb3 46. Rg5 b4 47. f4 Rxf4 48. Rxh5 Rc4 49. Rh7 Kb2 50. Rd7 b3 51. Rd8 Kb1 52. Rb8 b2 53. Rb7 Rc2+ 54. Kd1 Rc8 55. Kd2 Rd8+ 0-1

[Event "Landesliga Nord9798"]
[Site "Bayern"]
[Date "1998.??.??"]
[Round "?"]
[White "Neuman, Petr"]
[Black "Frieser, Klaus"]
[Result "1-0"]
[WhiteElo "2385"]
[BlackElo "2170"]
[PlyCount "131"]
[EventDate "1997.10.??"]
[Source "www.chesslib.no"]
[SourceDate "2004.05.04"]

1. d4 d5 2. c4 e6 3. Nc3 c6 4. Nf3 f5 5. g3 Nf6 6. Bg2 Be7 7. O-O O-O 8. Qb3 Nbd7 9. Ng5 Nb6 10. c5 Nc4 11. Nf3 Nd7 12. Qc2 b6 13. b3 Na5 14. Na4 bxc5 15. Nxc5 Bxc5 16. dxc5 e5 17. Bb2 Qc7 18. Bh3 g6 19. Rfd1 Ba6 20. e4 Rae8 21. exf5 Nb7 22. b4 Nd8 23. Re1 Bc8 24. Qc3 Nf7 25. fxg6 hxg6 26. Bxd7 Bxd7 27. Nxe5 Nxe5 28. Rxe5 Rxe5 29. Qxe5 Qxe5 30. Bxe5 Rf3 31. Kg2 Ra3 32. Bb2 Rd3 33. Be5 Bf5 34. Bf4 Ra3 35. f3 Bd3 36. Kf2 Bc4 37. Be5 a5 38. bxa5 Rxa5 39. Bd4 Rxa2+ 40. Rxa2 Bxa2 41. Ke3 Kf7 42. Kf4 Bb1 43. Ke5 Bd3 44. Kd6 Bb5 45. f4 Ba4 46. h3 Bb5 47. g4 Ba4 48. Ke5 Bb5 49. f5 g5 50. Be3 Bf1 51. Bxg5 Bxh3 52. Kf4 d4 53. Kg3 Bf1 54. Bc1 Bc4 55. Kf4 Bd5 56. Bb2 d3 57. Bc3 Bb3 58. g5 Bd5 59. g6+ Kf8 60. Ke3 Ba2 61. Kd4 Bb1 62. Ke5 Ba2 63. f6 Bb3 64. Bd2 Kg8 65. Kd6 Bd5 66. Ke7 1-0

[Event "Young Masters 6th"]
[Site "Loures"]
[Date "1998.12.12"]
[Round "11"]
[White "Durao, Pedro"]
[Black "Vega Holm, Fernando"]
[Result "0-1"]
[WhiteElo "2140"]
[BlackElo "2410"]
[PlyCount "80"]
[EventDate "1998.12.07"]
[Source "ChessBase"]
[SourceDate "1999.01.01"]

1. d4 e6 2. c4 f5 3. Nc3 Nf6 4. Nf3 Be7 5. g3 d5 6. Bg2 O-O 7. O-O c6 8. b3 Qe8 9. e3 Nbd7 10. Bb2 Ng4 11. Nd2 Bd6 12. Qe2 Qh5 13. h3 Ngf6 14. Qxh5 Nxh5 15. cxd5 exd5 16. a4 a5 17. Ba3 Bxa3 18. Rxa3 Ndf6 19. Nf3 Ne4 20. Ne2 g5 21. Ne5 Be6 22. Rb1 Nd6 23. b4 axb4 24. Rxb4 Nf6 25. Nc3 Ra5 26. Rab3 Nfe4 27. Bxe4 fxe4 28. Kg2 Rf6 29. Ne2 Ra8 30. Rb2 Raf8 31. Ng1 Bc8 32. a5 Nb5 33. R4b3 Be6 34. Rxb5 cxb5 35. f4 exf3+ 36. Ngxf3 Rc8 37. Nxg5 Bf5 38. g4 Rc2+ 39. Rxc2 Bxc2 40. Nd7 Ra6 0-1

[Event "SWE Team Ch 9293"]
[Site "Sweden"]
[Date "1993.??.??"]
[Round "8"]
[White "Carlhammar, Magnus"]
[Black "Marttala, Thomas"]
[Result "1/2-1/2"]
[WhiteElo "2280"]
[BlackElo "2265"]
[PlyCount "65"]
[EventDate "1992.??.??"]
[Source "www.chesslib.no"]
[SourceDate "2004.05.04"]

1. Nf3 f5 2. g3 Nf6 3. Bg2 e6 4. O-O Be7 5. c4 O-O 6. Nc3 d5 7. d4 c6 8. Bg5 Nbd7 9. e3 Qe8 10. Qc2 dxc4 11. Ne2 b5 12. b3 Ba6 13. a4 Nb6 14. bxc4 bxc4 15. Ne5 Rc8 16. Nf4 Ne4 17. Bxe7 Qxe7 18. Rfd1 Rfd8 19. Bxe4 fxe4 20. Qxe4 Nd5 21. Rac1 Nf6 22. Nxc6 Qd6 23. Qxe6+ Qxe6 24. Nxe6 Rxc6 25. Nxd8 Rd6 26. Nb7 Bxb7 27. Rxc4 Rb6 28. Rdc1 h5 29. a5 Rb2 30. R4c2 Rb3 31. Rc3 Rb2 32. R3c2 Rb3 33. Rc3 1/2-1/2

[Event "BL2-S 9091"]
[Site "GER"]
[Date "1991.??.??"]
[Round "?"]
[White "Fritsch, Rolf"]
[Black "Dittmar, Peter"]
[Result "1-0"]
[WhiteElo "2220"]
[BlackElo "2325"]
[PlyCount "112"]
[EventDate "1990.10.??"]
[Source "www.chesslib.no"]
[SourceDate "2004.05.04"]

1. Nf3 e6 2. g3 f5 3. Bg2 Nf6 4. O-O Be7 5. c4 O-O 6. d4 d5 7. Nc3 c6 8. Ne5 Nbd7 9. cxd5 exd5 10. Nd3 Ne4 11. Qc2 Ndf6 12. Nd1 Qb6 13. e3 Be6 14. f3 Nd6 15. b3 Rae8 16. Bb2 Bf7 17. N1f2 g5 18. Ne5 Be6 19. Rae1 Nf7 20. Ned3 Nd6 21. Ne5 Nf7 22. Bh3 Nxe5 23. dxe5 Nd7 24. Kh1 Bc5 25. Qd2 Bb4 26. Bc3 Bxc3 27. Qxc3 Qc7 28. f4 g4 29. Bg2 Qb6 30. Rc1 Rc8 31. Rfd1 Rfd8 32. Rd2 Nf8 33. Rcd1 Ng6 34. b4 h5 35. h4 Qc7 36. Nd3 b6 37. Rc1 Qe7 38. Rdc2 Rc7 39. a4 Rdc8 40. Qd4 Nxh4 41. gxh4 Qxh4+ 42. Kg1 Qg3 43. Nf2 Qh4 44. a5 bxa5 45. b5 Qd8 46. Rxc6 Rxc6 47. Rxc6 Rxc6 48. bxc6 h4 49. Qxa7 h3 50. c7 Qd7 51. Qa8+ Kg7 52. Bxd5 Qxc7 53. Bxe6 Qc1+ 54. Kh2 Qxe3 55. Qg8+ Kh6 56. Qg5+ Kh7 1-0

[Event "Carilo II Magistral"]
[Site "?"]
[Date "2005.04.06"]
[Round "3"]
[White "Quiroga Facundo"]
[Black "Dos Santos Francisco Jose"]
[Result "1-0"]
[WhiteElo "2335"]
[BlackElo "2209"]
[PlyCount "121"]
[EventDate "2005.??.??"]
[Source "www.chesslib.no"]
[SourceDate "2004.05.04"]

1. d4 f5 2. c4 Nf6 3. Nf3 e6 4. g3 d5 5. Bg2 c6 6. O-O Be7 7. Nc3 O-O 8. Qc2 Ne4 9. Rd1 g5 10. Ne5 Bf6 11. f3 Nxc3 12. bxc3 Qe7 13. cxd5 exd5 14. Nd3 Re8 15. Re1 Qg7 16. e4 fxe4 17. fxe4 dxe4 18. Bxe4 Kh8 19. Ba3 Rd8 20. Rf1 Bh3 21. Rf2 Nd7 22. Re1 Re8 23. Rfe2 Bg4 24. Re3 Nb6 25. Nf2 Bd7 26. R3e2 Nc4 27. Bc1 b5 28. Bd3 Rxe2 29. Rxe2 Re8 30. Ng4 Rxe2 31. Qxe2 Bd8 32. Bxc4 bxc4 33. Ne5 Bf6 34. Nxd7 Qxd7 35. Qxc4 Qe8 36. Bd2 Kg7 37. Qd3 Qe6 38. c4 Qg4 39. Be3 h5 40. Bf2 h4 41. d5 cxd5 42. cxd5 h3 43. d6 Qc8 44. Bd4 Qc6 45. Qd2 Qxd6 46. Qxg5+ Kf7 47. Qxf6+ Qxf6 48. Bxf6 Kxf6 49. Kf2 Kg5 50. Ke3 a5 51. a4 Kf5 52. Kf3 Kg5 53. g4 Kh4 54. g5 Kxg5 55. Kg3 Kf5 56. Kxh3 Kf4 57. Kh4 Kf5 58. Kg3 Kg5 59. Kf3 Kh4 60. Ke4 Kh3 61. Kd5 1-0

[Event "Bratislava"]
[Site "?"]
[Date "2001.??.??"]
[Round "9.6"]
[White "Janos Jozef"]
[Black "Chetverik Maxim"]
[Result "1/2-1/2"]
[WhiteElo "2189"]
[BlackElo "2336"]
[PlyCount "96"]
[EventDate "2001.??.??"]
[Source "www.chesslib.no"]
[SourceDate "2004.05.04"]

1. c4 f5 2. Nc3 Nf6 3. g3 e6 4. Bg2 Be7 5. Nf3 O-O 6. O-O c6 7. d4 d5 8. b3 Qe8 9. e3 b6 10. a4 Bb4 11. Qc2 Ba6 12. Ne5 Qh5 13. Ne2 g5 14. Ba3 Bxa3 15. Rxa3 Ng4 16. h3 Nxe5 17. dxe5 Nd7 18. f4 Rac8 19. Nd4 Qe8 20. Rfa1 gxf4 21. exf4 Kh8 22. Kh2 Rg8 23. Re1 Rg6 24. Qc3 Qf8 25. Ra2 Qg7 26. Rd2 Rg8 27. Ne2 Nc5 28. Rg1 dxc4 29. Bxc6 cxb3 30. Nd4 h5 31. h4 Rg4 32. Qe3 Bc4 33. Ne2 Qe7 34. Kh3 a5 35. Nc3 Qg7 36. Kh2 Kh7 37. Rd6 Kh6 38. Bd5 Bxd5 39. Nxd5 b2 40. Rxb6 b1=Q 41. Rbxb1 exd5 42. Qxc5 Rxg3 43. Qc6+ Kh7 44. Rb7 Rxg1 45. Rxg7+ R8xg7 46. Qxd5 R1g4 47. Kh3 Rg3+ 48. Kh2 R3g4 1/2-1/2

[Event "SVK Team Ch"]
[Site "Slovakia"]
[Date "1995.??.??"]
[Round "?"]
[White "Husek, Zdenek"]
[Black "Drtina, Milan"]
[Result "0-1"]
[WhiteElo "2270"]
[BlackElo "2245"]
[PlyCount "60"]
[EventDate "1995.??.??"]
[Source "www.chesslib.no"]
[SourceDate "2004.05.04"]

1. d4 d5 2. c4 e6 3. Nc3 f5 4. Nf3 c6 5. g3 Be7 6. Bg2 Nf6 7. O-O O-O 8. Ne5 Nbd7 9. cxd5 exd5 10. Nd3 Ne4 11. Qc2 Ndf6 12. b4 a6 13. Rb1 Nd6 14. a4 Nfe4 15. Qb3 Bf6 16. Ne5 Be6 17. Rd1 Qe8 18. f3 Bxe5 19. fxe4 dxe4 20. Qc2 Bf6 21. Bf4 Nc4 22. d5 cxd5 23. Nxd5 Na3 24. Qc5 Nxb1 25. Nc7 Qxa4 26. Rxb1 Ba2 27. Rc1 Rad8 28. Bd6 Rf7 29. Rf1 Qd7 30. Rd1 Qxc7 0-1

[Event "Open Valencia (4.7)"]
[Site "Valencia"]
[Date "1998.??.??"]
[Round "?"]
[White "Oltra Caurin, Ramon"]
[Black "Martinez Torho, Jorge"]
[Result "1/2-1/2"]
[WhiteElo "2410"]
[BlackElo "2100"]
[PlyCount "75"]
[EventDate "1998.??.??"]
[Source "www.chesslib.no"]
[SourceDate "2004.05.04"]

1. d4 d5 2. Nf3 e6 3. g3 f5 4. Bg2 Nf6 5. O-O Be7 6. c4 c6 7. Nc3 O-O 8. Rb1 Ne4 9. Qd3 Bd7 10. Ne5 Bf6 11. f3 Bxe5 12. dxe5 Qb6+ 13. e3 Nxc3 14. bxc3 Qa6 15. Rd1 b6 16. Bf1 Qxa2 17. cxd5 cxd5 18. Bd2 b5 19. e4 fxe4 20. fxe4 Nc6 21. Bf4 g5 22. exd5 gxf4 23. dxc6 Bxc6 24. Rd2 Qa5 25. gxf4 Rad8 26. Qe3 Rxd2 27. Qxd2 Qb6+ 28. Qd4 Qxd4+ 29. cxd4 a6 30. Bh3 Bd5 31. f5 Be4 32. Ra1 exf5 33. Rxa6 Rd8 34. Rf6 Kg7 35. Bxf5 Bxf5 36. Rxf5 Rxd4 37. e6 Re4 38. Rg5+ 1/2-1/2

[Event "Aalborg Open"]
[Site "Aalborg DEN"]
[Date "1993.??.??"]
[Round "6"]
[White "Andreasen, Per"]
[Black "Pedersen, Bjarne"]
[Result "1/2-1/2"]
[WhiteElo "2275"]
[BlackElo "2230"]
[PlyCount "35"]
[EventDate "1993.??.??"]
[Source "www.chesslib.no"]
[SourceDate "2004.05.04"]

1. d4 d5 2. Nf3 e6 3. c4 Be7 4. Nc3 f5 5. g3 c6 6. Bg2 Nf6 7. O-O O-O 8. b3 Nbd7 9. Qc2 Ne4 10. Bb2 Qe8 11. Ne5 Nxe5 12. dxe5 Nxc3 13. Qxc3 b6 14. e3 Bb7 15. Rfd1 Rc8 16. Rac1 g5 17. f4 h5 18. cxd5 1/2-1/2

[Event "Leningrad Open"]
[Site "Leningrad RUS"]
[Date "1991.??.??"]
[Round "?"]
[White "Rychlik, Kurt"]
[Black "Hutter, Otto"]
[Result "1-0"]
[WhiteElo "2250"]
[BlackElo "2250"]
[PlyCount "51"]
[EventDate "1991.??.??"]
[Source "www.chesslib.no"]
[SourceDate "2004.05.04"]

1. d4 d5 2. c4 e6 3. Nc3 f5 4. Nf3 Nf6 5. g3 c6 6. Bg2 Be7 7. O-O O-O 8. Ne5 Nbd7 9. f4 Qc7 10. e3 b6 11. cxd5 Nxd5 12. e4 Nxc3 13. bxc3 Nxe5 14. fxe5 Ba6 15. Rf2 fxe4 16. Bf4 Bd3 17. Qb3 Kh8 18. Qxe6 Rad8 19. Re1 Qd7 20. Qxd7 Rxd7 21. Bxe4 Bxe4 22. Rxe4 c5 23. Be3 cxd4 24. Rxf8+ Bxf8 25. e6 Rc7 26. cxd4 1-0

[Event "FIN Team Ch"]
[Site "Finland"]
[Date "1995.??.??"]
[Round "?"]
[White "Salo, Heikki"]
[Black "Kytoniemi, Jyrki"]
[Result "1-0"]
[WhiteElo "2225"]
[BlackElo "2265"]
[PlyCount "122"]
[EventDate "1995.??.??"]
[Source "www.chesslib.no"]
[SourceDate "2004.05.04"]

1. d4 d5 2. c4 e6 3. Nc3 f5 4. Nf3 Nf6 5. g3 c6 6. Bg2 Be7 7. O-O O-O 8. b3 Ne4 9. Bb2 Nd7 10. Qc2 Ndf6 11. e3 Bd7 12. Ne2 Ng4 13. Nf4 Bd6 14. Nd3 Ng5 15. a4 Nxf3+ 16. Bxf3 Be8 17. Ba3 Bxa3 18. Rxa3 Qg5 19. Qe2 h5 20. h3 Nf6 21. h4 Qh6 22. Nf4 Bf7 23. Kg2 g6 24. Rc1 Qg7 25. Ra2 Nd7 26. cxd5 exd5 27. Rac2 a5 28. Qd2 Qf6 29. b4 Nb6 30. Ra2 Qd6 31. Rb1 Nc4 32. Qc3 axb4 33. Qxb4 Qxb4 34. Rxb4 b5 35. Bd1 Rfb8 36. Re2 Nd6 37. axb5 Rxb5 38. Reb2 Rab8 39. Rxb5 Rxb5 40. Rxb5 cxb5 41. Bb3 Nc4 42. Ba2 Kf8 43. Nd3 Ke7 44. Kf3 Kf6 45. Ke2 Ke7 46. Kd1 Kd6 47. Kc2 Be8 48. Kc3 Bc6 49. Kb4 Be8 50. Bb3 Nd2 51. Nf4 Nc4 52. Bd1 Nd2 53. Be2 Nc4 54. Bf3 Nb6 55. Bg2 Kc6 56. Ne2 Kd6 57. Nc3 Bc6 58. Nxb5+ Bxb5 59. Kxb5 Nc4 60. Bf1 Nd2 61. Bd3 Nf3 1-0

[Event "14sen.Brandenburg op"]
[Site "?"]
[Date "2005.06.27"]
[Round "7.1"]
[White "Troeger Rainer"]
[Black "Baumbach Friedrich"]
[Result "1/2-1/2"]
[WhiteElo "2205"]
[BlackElo "2278"]
[PlyCount "24"]
[EventDate "2005.??.??"]
[Source "www.chesslib.no"]
[SourceDate "2004.05.04"]

1. d4 e6 2. c4 f5 3. g3 Nf6 4. Bg2 Be7 5. Nc3 O-O 6. Nf3 d5 7. O-O c6 8. a4 a5 9. b3 Bd7 10. Ba3 Bxa3 11. Rxa3 Be8 12. Qd2 Na6 1/2-1/2

[Event "Oberliga 9900"]
[Site "Bayern"]
[Date "2000.??.??"]
[Round "?"]
[White "Engelbrecht, Alfred"]
[Black "Lichtenstern, Christoph"]
[Result "1/2-1/2"]
[WhiteElo "2270"]
[BlackElo "2203"]
[PlyCount "115"]
[EventDate "1999.??.??"]
[Source "www.chesslib.no"]
[SourceDate "2004.05.04"]

1. Nf3 d5 2. d4 e6 3. c4 c6 4. Nc3 f5 5. g3 Nf6 6. Bg2 Be7 7. O-O O-O 8. Qc2 Ne4 9. Bf4 Nd7 10. Rad1 Qa5 11. Ne5 Bf6 12. f3 Bxe5 13. Bxe5 Nxe5 14. dxe5 Qc5+ 15. e3 Qxe3+ 16. Kh1 Nxc3 17. bxc3 Qxe5 18. cxd5 exd5 19. f4 Qf6 20. Rfe1 b5 21. Rxd5 cxd5 22. Bxd5+ Kh8 23. Bxa8 Bd7 24. Bg2 Bc6 25. Re5 h6 26. h4 Rd8 27. Rxf5 Bxg2+ 28. Kxg2 Qc6+ 29. Kh2 Qc4 30. a3 a5 31. Re5 b4 32. axb4 axb4 33. Qe4 Rd2+ 34. Kh3 Qxe4 35. Rxe4 bxc3 36. Rc4 c2 37. h5 Kg8 38. Kg4 Kf7 39. Kf5 Rg2 40. g4 Ke7 41. g5 Kd6 42. Kg6 hxg5 43. fxg5 Kd5 44. Rc8 Kd4 45. Rxc2 Rxc2 46. Kxg7 Ke5 47. h6 Rc7+ 48. Kg6 Rc6+ 49. Kg7 Rc7+ 50. Kg6 Rc6+ 51. Kg7 Kf5 52. h7 Rc7+ 53. Kh6 Rc6+ 54. Kg7 Kxg5 55. h8=Q Rc7+ 56. Kf8 Rc8+ 57. Kg7 Rxh8 58. Kxh8 1/2-1/2

[Event "Poznan Open"]
[Site "Poznan POL"]
[Date "1995.??.??"]
[Round "9"]
[White "Kaszowski, Dariusz"]
[Black "Kryzius, Kestutis"]
[Result "1/2-1/2"]
[WhiteElo "2245"]
[BlackElo "2225"]
[PlyCount "104"]
[EventDate "1995.??.??"]
[Source "www.chesslib.no"]
[SourceDate "2004.05.04"]

1. d4 e6 2. c4 f5 3. Nf3 Nf6 4. g3 Be7 5. Bg2 O-O 6. O-O c6 7. Nc3 d5 8. Bg5 Nbd7 9. cxd5 exd5 10. Rb1 a5 11. Qc2 Ne4 12. Bxe7 Qxe7 13. e3 Rf6 14. Ne2 g5 15. a3 b6 16. b4 Ba6 17. Rfe1 Bc4 18. bxa5 Rxa5 19. a4 Ra6 20. Ra1 Rf8 21. Nd2 Nxd2 22. Qxd2 Nf6 23. Qc2 Qd7 24. Nc3 Kh8 25. Bh3 g4 26. Bg2 Rfa8 27. e4 fxe4 28. Nxe4 Qf5 29. Qc1 Nxe4 30. Bxe4 Qf6 31. Bc2 Rf8 32. Qd2 Ra7 33. Re5 c5 34. Rf5 Qg7 35. Rxf8+ Qxf8 36. Re1 Re7 37. Rxe7 Qxe7 38. Qe3 Qxe3 39. fxe3 Kg7 40. Kf2 h5 41. Ke1 Kf6 42. Kd2 Ba6 43. Kc3 Bb7 44. Bd3 Bc8 45. dxc5 bxc5 46. a5 Ke5 47. a6 Bxa6 48. Bxa6 Ke4 49. Kd2 c4 50. Bb7 c3+ 51. Kxc3 Kxe3 52. Bxd5 h4 1/2-1/2

[Event "Slovak League"]
[Site "Slovak League"]
[Date "1995.??.??"]
[Round "2"]
[White "Packa, Ladislav"]
[Black "Drtina, Milan"]
[Result "0-1"]
[WhiteElo "2220"]
[BlackElo "2245"]
[PlyCount "68"]
[EventDate "1995.??.??"]
[Source "www.chesslib.no"]
[SourceDate "2004.05.04"]

1. d4 d5 2. c4 e6 3. Nc3 f5 4. Nf3 c6 5. g3 Be7 6. Bg2 Nf6 7. O-O O-O 8. Bf4 Ne8 9. Rc1 Nd7 10. Ne5 Nd6 11. Nxd7 Bxd7 12. Bxd6 Bxd6 13. c5 Bc7 14. f4 g5 15. e3 Kh8 16. Rf2 Rg8 17. b4 Rg7 18. a4 Qf6 19. Rb1 Rag8 20. Kh1 Be8 21. Na2 h5 22. Nc1 h4 23. gxh4 gxf4 24. exf4 Bxf4 25. Rxf4 Rxg2 26. Nd3 R2g4 27. Qd2 Qxh4 28. Rbf1 Qh3 29. Ne1 R8g7 30. R4f3 Qh4 31. Qe3 f4 32. Rxf4 Bg6 33. h3 Be4+ 34. Rxe4 Rxe4 0-1

[Event "Cannes Open"]
[Site "Cannes FRA"]
[Date "1990.??.??"]
[Round "1"]
[White "Andruet, Gilles"]
[Black "Goldstein, Marc"]
[Result "1-0"]
[WhiteElo "2355"]
[BlackElo "2110"]
[PlyCount "99"]
[EventDate "1990.02.??"]
[Source "www.chesslib.no"]
[SourceDate "2004.05.04"]

1. d4 f5 2. Nf3 Nf6 3. g3 e6 4. Bg2 Be7 5. O-O d5 6. c4 c6 7. Nc3 O-O 8. Bg5 Nbd7 9. e3 h6 10. Bxf6 Nxf6 11. Qe2 Bd7 12. Ne5 Be8 13. Rfd1 Rc8 14. Rab1 Bh5 15. f3 Qe8 16. h3 g5 17. Rbc1 Nd7 18. Qe1 Bd6 19. Nxd7 Qxd7 20. Ne2 Bg6 21. f4 Bh5 22. Qf2 Kh8 23. Kh2 Rg8 24. Bf3 g4 25. hxg4 Bxg4 26. Bxg4 Rxg4 27. Kg2 Rcg8 28. Rh1 R4g6 29. Rh3 Kg7 30. Ng1 Be7 31. Nf3 Bf6 32. Qc2 a6 33. Rch1 Kf8 34. Kf2 Qg7 35. Rg1 Qd7 36. c5 Qg7 37. Kf1 Ke8 38. Qh2 Rh8 39. b4 Ke7 40. Rh1 Ke8 41. a4 Kd7 42. Qf2 Rg8 43. Rg1 Ke7 44. Nd2 Kd7 45. Nb1 Kc8 46. Nc3 h5 47. Rxh5 Rxg3 48. Qxg3 Qxg3 49. Rxg3 Rxg3 50. Rh6 1-0

[Event "Banyoles (open)"]
[Site "?"]
[Date "2004.08.19"]
[Round "4.5"]
[White "Coursaget Nicolas"]
[Black "Moles Fuentes Jesus"]
[Result "1-0"]
[WhiteElo "2318"]
[BlackElo "2142"]
[PlyCount "71"]
[EventDate "2004.??.??"]
[Source "www.chesslib.no"]
[SourceDate "2004.05.04"]

1. d4 e6 2. c4 f5 3. g3 Nf6 4. Bg2 Be7 5. Nf3 d5 6. O-O O-O 7. Nc3 c6 8. Qb3 Kh8 9. Rd1 Ne4 10. Ne5 Qe8 11. f3 Nxc3 12. Qxc3 Qh5 13. Rd3 Nd7 14. g4 Qe8 15. gxf5 exf5 16. cxd5 cxd5 17. f4 Nf6 18. Rh3 Ne4 19. Qb3 Be6 20. Qxb7 Bf6 21. Qa6 Rc8 22. Qd3 Bxe5 23. dxe5 d4 24. Qd1 Qb5 25. a4 Qb6 26. a5 Qb5 27. Rd3 Bc4 28. Rxd4 Bxe2 29. Qa4 Qxa4 30. Rdxa4 Rfd8 31. Be3 Rc2 32. Bxa7 Nd2 33. Bb6 Rd3 34. a6 Bf3 35. a7 Ba8 36. Bxa8 1-0